000 00439nam a2200193Ia 4500
008 101110s9999 xx 000 0 und d
041 _aENGLISH
082 _bSR5479
_a823
100 _aGalsworthy John
245 _aThe Man of Property
365 _b2.5
520 _aEnglish
546 _aENGLISH
630 _aThe Man of Property
650 _aEnglish
655 _aEnglish
730 _aThe Man of Property
942 _cBOOK
999 _c801528
_d801525